00694cam a22002411 4500001001300000003000400013005001700017008004100034010001700075025001800092035002000110040002100130042001200151050002100163100002400184245005900208260001100267300004700278500001600325650004700341650004700388999001700435sa 64000209 DLC20260227111954.0940602m19619999ii ach 000 0 beno  asa 64000209  aPL480:EP-B-73 a(OCoLC)30538660 aDLCcCUdCUdDLC apremarc00aPK1708b.M3 19611 aMannan, Qazi Abdul.10aĀdhunika Bāṅlā-sāhitye Musalima-sādhanā. c[1961- av.bill., port., facsims., tables.c23 cm. aIn Bengali. 0aBengali literaturexHistory and criticism. 0aIslamic literaturexHistory and criticism. c56093d56093